Quizzes
Events
Quiz Creation
Community
Videos
Private Events
Remove Ads
Sign In
Join for FREE
Feedback
Dark Mode
Quiz Categories
Sports
Geography
Music
Movies
Television
Just For Fun
Miscellaneous
History
Literature
Language
Science
Gaming
Entertainment
Religion
Holiday
For Kids
Quiz Lab
Recent
Popular Today
Quiz Kudos Today
Editor Picks
Curator Picks
Quizzes by...
Day
Popularity
Type
Ratings
Length
Year
Community
Subscriptions
Recent Discussions
Orange Saloon
Badges
Playlists
Quests
Create
Leaderboards
Showdown
Live 5
Trivia Bingo
Activity
Puzzle Library
Sporcle Events
Private Events
Virtual Trivia
Globe League
Become a Host
Pub Owners
SporcleCon
Opinionation
Our Games
Videos
Blog
Mobile Apps
Partnerships
Remove Ads and Go Orange
Feedback
Sports
Athletes
MLB
NBA
NHL
NFL
Soccer
Sports Teams
WWE
NCAA
Football
Premier League
Basketball
Baseball
Hockey
Golf
Tennis
Cricket
Rugby
Auto Racing
Olympics
World Cup
Sports
Athletes
MLB
NBA
NHL
NFL
Soccer
Sports Teams
WWE
NCAA
Football
Premier League
Basketball
Baseball
Hockey
Golf
Tennis
Cricket
Rugby
Auto Racing
Olympics
World Cup
Random Quiz
Search Sporcle
×
Quiz Lab
Quiz Lab
Sports
Baseball
Type in answers that appear in a list
Type in answers that appear in a list
Classic
Best Score? Go Orange.
MLB Teammates Who Had 200+ Strikeouts (2000-2011) Stats
Can you name the MLB Teammates Who Had 200+ Strikeouts (2000-2011)?
By
Dabbas1111
4m
30 Questions
629 Plays
629 Plays
629 Plays
Comments
Comments
Give Quiz Kudos
Give Quiz Kudos
-
- Ratings
hide this ad
More Info
Replay
Link that replays current quiz
Next Quiz
Link to next quiz in quiz playlist
You Got
0%
They Got
Avg Score
84%
Avg Friend Score
Upgrade to see
Score Distribution
Jump to the score distribution portion of the page
Score
0/30
Timer
04:00
0
Plays Today
Year
Player
% Correct
PHI (2011)
Cliff Lee
99.2%
PHI (2011)
Roy Halladay
98.9%
PHI (2010)
Roy Halladay
98.9%
TOR (2008)
Roy Halladay
98.9%
ARI (2002)
Randy Johnson
98.6%
ARI (2001)
Randy Johnson
98.6%
BOS (2004)
Curt Schilling
98.4%
ARI (2002)
Curt Schilling
98.4%
ARI (2001)
Curt Schilling
98.4%
SF (2010)
Tim Lincecum
97.8%
HOU (2004)
Roger Clemens
95.9%
NYY (2001)
Roger Clemens
95.9%
TB (2011)
David Price
95.6%
HOU (2004)
Roy Oswalt
94.1%
CHC (2003)
Kerry Wood
93.2%
Year
Player
% Correct
CHC (2002)
Kerry Wood
93.2%
TB (2011)
James Shields
91.9%
CHC (2003)
Mark Prior
91.6%
PHI (2010)
Cole Hamels
90.3%
LAA (2010)
Jered Weaver
88.9%
BOS (2004)
Pedro Martinez
88.9%
MIL (2011)
Yovani Gallardo
80.2%
NYY (2001)
Mike Mussina
80.2%
MIL (2011)
Zack Greinke
79.9%
SF (2010)
Jonathan Sanchez
69%
LAD (2000)
Kevin Brown
58.7%
LAA (2010)
Dan Haren
58.1%
TOR (2008)
A.J. Burnett
57.4%
LAD (2000)
Chan Ho Park
32.4%
CHC (2002)
Matt Clement
23.3%
Quiz Playlist
Details
Report
Send in Message
Add To Playlist
More Info:
Pitchers who threw 200+ Ks on the same team; *Pitcher spend second half of season with team.
Classic:
Type in answers that appear in a list
Last Updated: Feb 16, 2017
Quiz Scoreboard
CHALLENGE
Sign Up to Join the Scoreboard
Show All
Scores
Hide
Comments
May contain spoilers
Recently Published
TV Characters by Other Roles V
by ghcgh
Television
5m
Decade Duel: World Leaders
by jenniferyan
History
4m
Alphabetical 'K' Countries by Flag Minefield
by ylime102
Geography
3m
More to Explore
Quiz From the Vault
Featured Blog Post
15 Basketball Trivia Facts You Can Be March Mad About
hide this ad
You Might Also Like...
Tags
Baseball Quiz
MLB Quiz
Pitchers
Season Strikeouts
strikeouts
Today's Top Quizzes in Sports
Browse Sports
hide this ad
Today's Top Quizzes in Baseball
Browse Baseball
Top Contributed Quizzes in Sports
1
Les joueurs à 100 buts en Ligue 1 Uber Eats
2
2022 World Cup Stars
3
Pick 6: NFL Teams
4
MLB 2 truths and a lie: Hall of Fame pitchers
5
Pick 6: Minor League Baseball
6
Millionaire: NBA Finals Edition
7
Pick 6: Olympics
8
Click the 1998 NBA Draft
9
Criteria MLB: Left Handed Sluggers
10
NBA Logic Puzzle 2.0
Explore More
Trending Topics
Crossword
Marvel
NBA
Kpop
Disney
Anime
Harry Potter
Puzzle
Pokémon
Song
Country
WWE
The Office
NFL
Soccer
hide this ad
More By:
Dabbas1111
Quiz
Plays
Rating
Category
Featured
Created
Top 5 National League MVP (1970-2011)
5,876
4.64
Sports
Nov 23, 2011
Top 5 American League MVP (1970-2011)
5,403
4.69
Sports
Nov 21, 2011
MLB Teammates Who Had 100+ RBI (2000-2011)
3,551
4.50
Sports
Dec 1, 2011
MLB Top 5 in Walks (1990-2011)
2,637
4.40
Sports
Dec 6, 2011
Braves Players Who Have Received Cy Young Votes
741
4.67
Sports
Nov 18, 2011
Go to Creator's Profile
Score Distribution
Quiz Creator Spotlight
Dabbas1111
Follow
Send a Message
Quizzes Created
-
Created Quiz Play Count
-
More By This Creator
Popular Quizzes Today
1
Countries of Asia Without Outlines Minefield
2
Find the US States - No Outlines Minefield
3
Pick 6: Fruits
4
The Countries of the World
5
Alphabetical 'K' Countries by Flag Minefield
6
Find the Countries of Europe - No Outlines Minefield
7
US States
8
Find the US States
More Sports Quizzes
Formula 1 Drivers by First Names
Published
Trending Quizzes
Pick 6: Mountains
Pick 6: Harry Potter
Pick 6: Flags
Pick 6: NFL Teams
Pick 6: Movie Franchises
Recently Updated
Adaptations: Name the Title
pecheneg
NWSL Teams
pecheneg
Women's Final Four Teams by Year
bhenderson79
Presidents Quartet II
eogle
Anything But Clue(do)
eogle
Anything But Oceanian Capitals
eogle
Anything But 7
eogle
Anything But Thing
eogle
Word Ladder: February 29
pecheneg
Song Title Questions
pecheneg
Trending Topics
Kpop
Anime
Harry Potter
Marvel
NBA
Disney
Crossword
Puzzle
Song
The Office
Pokémon
NFL
Country
Soccer
WWE
Your Account Isn't Verified!
In order to create a playlist on Sporcle, you need to verify the email address you used during registration. Go to your
Sporcle Settings
to finish the process.
Report this User
Report this user for behavior that violates our
Community Guidelines
.
Details:
Send Report
Go to the Sporcle.com Mobile Site →
Comments